000 00328 a2200157 4500
001 175877
020 _a
040 _cMagnum
100 _aDias, Ieda
240 1 0 _aCancao da menina descalca
_lpor
245 1 0 _aCancao da menina descalca
362 0 _a1899
440 1 _aRHJ
697 _aMAGNITO: IJ/POESIA
942 _cBK
999 _c175877
_d175877